000 00399nam a2200145Ia 4500
008 210716s2016 xx 000 0 und d
020 _a9781107152670
041 _aeng
082 _a338.0954 MITA
100 _aMitra, Arup;Sharma, Chandan.
245 _aCorruption and development in Indian economy.
250 _a1
260 _aNew Delhi
_bCambridge University Press
_c2016
300 _axii,158
999 _c210175
_d210175